Co to za państwo? (dziwne podpowiedzi) #2 - Statystyki

Ogólne statystyki
  • Ten quiz został rozwiązany 698 razy
  • Średni wynik to 10 z 15
Statystyki odpowiedzi
Waluta Wielkie Miasto Kontynent Druga litera Rzeka Państwo % Poprawnych
Rubel Władywostok Europa/Azja O Lena Rosja
96%
Dolar Melbourne Oceania U Murray Australia
92%
Funt Szterling Edynburg Europa I Savern Wielka Brytania
91%
Real Rio De Janeiro Ameryka Południowa R Amazonka Brazylia
89%
Korona Aalborg Europa A Gudena Dania
79%
Euro Kłajpeda Europa I Niemen Litwa
79%
Lira Izmir Europa/Azja U Kyzył Irmak Turcja
75%
Dirham Casablanca Afryka A Wadi Dara Maroko
68%
Ariar Antananarywa Afryka A Mangoky Madagaskar
60%
Balboa San Muguelito Ameryka Północna A Chagres Panama
52%
Tugrik Erdenet Azja O Orchon Mongolia
45%
Denar Bitola Europa A Wardar Macedonia Północna
43%
Somoni Duszanbe Azja A Amu-Daria Tadżykistan
40%
Dinar Safakis Afryka U Wadi Madżara Tunezja
36%
Pula Francistown Afryka O Zambezi Botswana
34%
Nie znaleziono quizów pasujących do podanych kryteriów
Rozkład punktacji
Procent ludzi z każdym wynikiem
Percentyl według liczby udzielonych odpowiedzi
Twoja historia wyników
Nie rozwiązałeś tego quizu